Daňová politika a jej vplyv na vývoj zamestnanosti diplomová práca

Na minha lista:
Detalhes bibliográficos
Autor principal: Petrenková, Eva
Autor Corporativo: Národohospodárska fakulta EU. Katedra financií
Outros Autores: Nekanovič, Miloslav
Formato: Livro
Idioma:eslovaco
Publicado em: Bratislava 2008
Tags: Adicionar Tag
Sem tags, seja o primeiro a adicionar uma tag!

MARC

LEADER 00000nam$a2200000$$$4500
001 0078717
005 20240201114953.2
041 0 |a slo 
044 |a SK 
245 1 0 |a Daňová politika a jej vplyv na vývoj zamestnanosti  |b diplomová práca  |c Eva Petrenková ; škol. Miloslav Nekanovič 
264 1 |a Bratislava  |c 2008 
300 |a 64 s. 
100 1 |a Petrenková, Eva 
700 1 |a Nekanovič, Miloslav 
710 2 |a Národohospodárska fakulta EU. Katedra financií